[Event "PRO League Eastern"]
[Site "Chess.com INT"]
[Date "2017.01.25"]
[Round "3"]
[White "Neiksans, Arturs"]
[Black "Gorozhanin, Mikhail"]
[Result "1-0"]
[WhiteElo "2627"]
[BlackElo "2408"]
[PlyCount "201"]
[EventDate "2017.01.11"]
[EventType "team-swiss (rapid)"]
[EventRounds "7"]
[EventCountry "USA"]
[SourceTitle "CBM 176 Extra"]
[Source "ChessBase"]
[SourceDate "2017.03.02"]
[SourceVersion "1"]
[SourceVersionDate "2017.03.02"]
[SourceQuality "1"]
[WhiteTeam "Riga Magicians"]
[BlackTeam "Gorky Stormbringers"]
[WhiteTeamCountry "LAT"]
[BlackTeamCountry "RUS"]

1. e4 e6 2. d4 d5 3. Nd2 Nf6 4. e5 Nfd7 5. Bd3 c5 6. c3 Nc6 7. Ne2 cxd4 8. cxd4 f6 9. exf6 Qxf6 10. Nf3 h6 11. 0-0 Bd6 12. Be3 0-0 13. Rc1 Rf7 14. Ng3 Nf8 15. Re1 Bd7 16. a3 Be8 17. Bb1 Rc7 18. h3 Bg6 19. Nh2 Bxb1 20. Rxb1 Qg6 21. Ng4 Rf7 22. Rc1 Nd7 23. Qc2 Qxc2 24. Rxc2 Re8 25. Rd1 Nb6 26. Nf1 a5 27. Nd2 a4 28. Nf3 Nc4 29. Bc1 h5 30. Ngh2 b5 31. Re2 Rf6 32. Ng5 Bxh2+ 33. Kxh2 Re7 34. g3 g6 35. Kg2 Kf8 36. Nf3 Re8 37. g4 hxg4 38. hxg4 Kg7 39. Ne5 N6xe5 40. dxe5 Rf7 41. Bg5 Rb8 42. Rde1 Rbb7 43. Bf6+ Kf8 44. f4 Ke8 45. Kg3 Rh7 46. f5 gxf5 47. gxf5 Kf7 48. Bg5 Rb8 49. Rf1 Rg8 50. fxe6+ Kxe6 51. Rf6+ Kd7 52. Kf4 Re7 53. e6+ Kd6 54. Kf5 Rh8 55. Rf7 Ree8 56. Ra7 Rh1 57. Ra6+ Kc5 58. e7 d4 59. Ke6 d3 60. Rf2 Kd4 61. Kf7 Rxe7+ 62. Kxe7 Re1+ 63. Kd7 Rg1 64. Bf4 Ke4 65. Re6+ Kd5 66. Re7 Rg6 67. Bd2 Rd6+ 68. Ke8 Rg6 69. Rd7+ Ke4 70. Re7+ Kd5 71. Bc3 Rg8+ 72. Kf7 Rg3 73. Rd7+ Kc6 74. Rd4 Rh3 75. Kf6 Nd6 76. Rd2 Rf3+ 77. Kg6 Nc4 78. Rd1 Kc5 79. R4xd3 Rf4 80. Bb4+ Kc6 81. Bc3 Rf2 82. Kg5 Rf7 83. Kh4 Rf5 84. Kg3 Rf7 85. Rf3 Re7 86. Kf2 Re4 87. Rd4 Re6 88. Rxc4+ Kd5 89. Rd4+ Kc5 90. Rf5+ Kb6 91. Rdf4 Re8 92. Rf6+ Kc5 93. R6f5+ Kb6 94. Re5 Rc8 95. Rf6+ Ka7 96. Re7+ Ka8 97. Ra6+ Kb8 98. Be5+ Rc7 99. Bxc7+ Kb7 100. Rb6+ Kc8 101. Rb8# 1-0

[Event "PRO League Eastern"]
[Site "Chess.com INT"]
[Date "2017.01.25"]
[Round "3"]
[White "Samolins, Vitalijs"]
[Black "Gorozhanin, Mikhail"]
[Result "1-0"]
[WhiteElo "2402"]
[BlackElo "2408"]
[PlyCount "103"]
[EventDate "2017.01.11"]
[EventType "team-swiss (rapid)"]
[EventRounds "7"]
[EventCountry "USA"]
[SourceTitle "CBM 176 Extra"]
[Source "ChessBase"]
[SourceDate "2017.03.02"]
[SourceVersion "1"]
[SourceVersionDate "2017.03.02"]
[SourceQuality "1"]
[WhiteTeam "Riga Magicians"]
[BlackTeam "Gorky Stormbringers"]
[WhiteTeamCountry "LAT"]
[BlackTeamCountry "RUS"]

1. e4 e6 2. d4 d5 3. exd5 exd5 4. Nf3 Bd6 5. Bd3 Nc6 6. h3 Nge7 7. 0-0 0-0 8. Re1 Bf5 9. Nc3 Qd7 10. Nb5 Bxd3 11. cxd3 a6 12. Nc3 Qf5 13. a3 Rae8 14. Be3 b5 15. Nh4 Qd7 16. Qf3 h6 17. Kh1 g5 18. Qf6 Kh7 19. Nf3 Qf5 20. Qxf5+ Nxf5 21. Nxd5 Kg6 22. Rac1 Nce7 23. Nxc7 Rc8 24. Nxa6 f6 25. Nc5 Nd5 26. Bd2 Rfe8 27. Rxe8 Rxe8 28. Ne4 Be7 29. Rc6 Kf7 30. g4 Ng7 31. Nc3 Rd8 32. Nxb5 Ne6 33. a4 Nef4 34. Bxf4 Nxf4 35. a5 Nxd3 36. Kg2 Nb4 37. Rc4 Nd5 38. Ra4 Ra8 39. a6 Nb4 40. a7 Nd5 41. Nd2 Bd8 42. Nc4 Ke6 43. Ra6+ Kd7 44. Rd6+ Kc8 45. Rxd5 Be7 46. Nb6+ Kb7 47. Nxa8 Kxa8 48. Rd7 f5 49. Rxe7 fxg4 50. Re8+ Kb7 51. a8Q+ Kb6 52. Rb8# 1-0

[Event "PRO League Eastern"]
[Site "Chess.com INT"]
[Date "2017.01.18"]
[Round "2"]
[White "Aghasiyev, Kamal"]
[Black "Gorozhanin, Mikhail"]
[Result "1-0"]
[WhiteElo "2411"]
[BlackElo "2408"]
[PlyCount "65"]
[EventDate "2017.01.11"]
[EventType "team-swiss (rapid)"]
[EventRounds "7"]
[EventCountry "USA"]
[SourceTitle "CBM 176 Extra"]
[Source "ChessBase"]
[SourceDate "2017.03.02"]
[SourceVersion "1"]
[SourceVersionDate "2017.03.02"]
[SourceQuality "1"]
[WhiteTeam "Shymkent Nomads"]
[BlackTeam "Gorky Stormbringers"]
[WhiteTeamCountry "KAZ"]
[BlackTeamCountry "RUS"]

1. e4 e6 2. d4 d5 3. Nd2 Nf6 4. e5 Nfd7 5. Bd3 c5 6. c3 Nc6 7. Ngf3 cxd4 8. cxd4 f6 9. exf6 Qxf6 10. Nb3 Bd6 11. Bg5 Qf7 12. 0-0 0-0 13. Bh4 Qh5 14. Bg3 Bxg3 15. hxg3 Nf6 16. Ne5 Qxd1 17. Rfxd1 Nxe5 18. dxe5 Ng4 19. f4 g5 20. Be2 Ne3 21. Rd3 Nf5 22. Bg4 Nh6 23. Bh5 gxf4 24. Rf1 Rf5 25. Bd1 Rxe5 26. gxf4 Rf5 27. Nd4 Rf7 28. Bh5 Re7 29. Rg3+ Rg7 30. Rxg7+ Kxg7 31. Rc1 Kf6 32. Rc7 Nf5 33. Rf7# 1-0

[Event "PRO League Eastern"]
[Site "Chess.com INT"]
[Date "2017.01.18"]
[Round "2"]
[White "Jumabayev, Rinat"]
[Black "Gorozhanin, Mikhail"]
[Result "0-1"]
[WhiteElo "2611"]
[BlackElo "2408"]
[PlyCount "26"]
[EventDate "2017.01.11"]
[EventType "team-swiss (rapid)"]
[EventRounds "7"]
[EventCountry "USA"]
[SourceTitle "CBM 176 Extra"]
[Source "ChessBase"]
[SourceDate "2017.03.02"]
[SourceVersion "1"]
[SourceVersionDate "2017.03.02"]
[SourceQuality "1"]
[WhiteTeam "Shymkent Nomads"]
[BlackTeam "Gorky Stormbringers"]
[WhiteTeamCountry "KAZ"]
[BlackTeamCountry "RUS"]

1. e4 e6 2. d3 d5 3. Nd2 Nf6 4. Ngf3 g6 5. e5 Nfd7 6. d4 Bg7 7. h4 f6 8. exf6 Qxf6 9. h5 0-0 10. hxg6 hxg6 11. Bd3 e5 12. dxe5 Nxe5 13. Nxe5 Qxf2# 0-1

[Event "PRO League Eastern"]
[Site "Chess.com INT"]
[Date "2017.01.11"]
[Round "1"]
[White "Gorozhanin, Mikhail"]
[Black "Cawdery, Daniel"]
[Result "1-0"]
[WhiteElo "2408"]
[BlackElo "2418"]
[PlyCount "81"]
[EventDate "2017.01.11"]
[EventType "team-swiss (rapid)"]
[EventRounds "7"]
[EventCountry "USA"]
[SourceTitle "CBM 176 Extra"]
[Source "ChessBase"]
[SourceDate "2017.03.02"]
[SourceVersion "1"]
[SourceVersionDate "2017.03.02"]
[SourceQuality "1"]
[WhiteTeam "Gorky Stormbringers"]
[BlackTeam "Johannesburg Koeksisters"]
[WhiteTeamCountry "RUS"]
[BlackTeamCountry "RSA"]

1. d4 Nf6 2. Bf4 g6 3. e3 Bg7 4. Nf3 0-0 5. h3 d6 6. Be2 c5 7. Nbd2 Nc6 8. c3 Be6 9. a4 Qb6 10. Qb1 cxd4 11. exd4 Nd5 12. Bg3 Bf5 13. Qc1 Rac8 14. Nc4 Qd8 15. 0-0 Nb6 16. Ne3 Be6 17. Qd1 Nd5 18. Ng5 Nxe3 19. fxe3 Bd7 20. Nf3 d5 21. Qb3 Qb6 22. Qxd5 Qxb2 23. Ra2 Be6 24. Qxe6 Qxe2 25. Qxf7+ Rxf7 26. Rxe2 Na5 27. Rc1 Rc4 28. Ra2 Bh6 29. Kf2 Rf6 30. Ke2 Rfc6 31. Kd3 Rb6 32. Nd2 Rc8 33. Rcc2 Rf8 34. Bc7 Ra6 35. Bxa5 Rxa5 36. Nf3 Rf6 37. Rcb2 b6 38. Rb5 Re6 39. e4 Rc6 40. Rxa5 bxa5 41. Rb2 1-0

[Event "PRO League Eastern"]
[Site "Chess.com INT"]
[Date "2017.01.11"]
[Round "1"]
[White "Gorozhanin, Mikhail"]
[Black "Oberholzer, Francois"]
[Result "1-0"]
[WhiteElo "2408"]
[BlackElo "2034"]
[PlyCount "67"]
[EventDate "2017.01.11"]
[EventType "team-swiss (rapid)"]
[EventRounds "7"]
[EventCountry "USA"]
[SourceTitle "CBM 176 Extra"]
[Source "ChessBase"]
[SourceDate "2017.03.02"]
[SourceVersion "1"]
[SourceVersionDate "2017.03.02"]
[SourceQuality "1"]
[WhiteTeam "Gorky Stormbringers"]
[BlackTeam "Johannesburg Koeksisters"]
[WhiteTeamCountry "RUS"]
[BlackTeamCountry "RSA"]

1. d4 Nf6 2. Bf4 d5 3. e3 c5 4. c3 Nc6 5. Nd2 e6 6. Ngf3 Bd6 7. Bg3 0-0 8. Bd3 Re8 9. Ne5 Bxe5 10. dxe5 Nd7 11. f4 b6 12. 0-0 Bb7 13. e4 d4 14. Qe2 f6 15. exf6 Qxf6 16. e5 Qh6 17. Ne4 Rf8 18. Nd6 Rab8 19. Rae1 dxc3 20. bxc3 Ne7 21. Qg4 Nd5 22. Be4 Ba8 23. Bh4 Nxe5 24. fxe5 Rxf1+ 25. Kxf1 Rf8+ 26. Bf2 Rf4 27. Qg3 Bc6 28. Kg1 Rf8 29. c4 Nb4 30. Be3 Qh5 31. a3 Bxe4 32. Nxe4 Nc6 33. Nf6+ Rxf6 34. exf6 1-0

[Event "Kstovo Chess Hopes op"]
[Site "Kstovo"]
[Date "2015.06.25"]
[Round "2"]
[White "Belitzky, Dmitri G"]
[Black "Gorozhanin, Mikhail"]
[Result "0-1"]
[WhiteElo "2004"]
[BlackElo "2266"]
[PlyCount "68"]
[EventDate "2015.06.24"]
[EventType "swiss"]
[EventRounds "9"]
[EventCountry "RUS"]
[SourceTitle "CBM 167 Extra"]
[Source "ChessBase"]
[SourceDate "2015.09.14"]
[SourceVersion "1"]
[SourceVersionDate "2015.09.14"]
[SourceQuality "1"]

1. e4 e6 2. c4 d5 3. exd5 exd5 4. cxd5 Nf6 5. Nf3 Nxd5 6. d4 Be7 7. Be2 0-0 8. 0-0 Nc6 9. Nc3 Nb6 10. Be3 Be6 11. Rc1 a5 12. b3 Ba3 13. Rb1 Bb4 14. Qd3 Qd7 15. Qd2 h6 16. Rfd1 Bxc3 17. Qxc3 Nb4 18. Ne5 Qe7 19. Qd2 Rfd8 20. Bxh6 gxh6 21. Qxh6 Bf5 22. Bh5 Rf8 23. Rbc1 N6d5 24. a3 Na2 25. Rc5 Nac3 26. Re1 Ra6 27. Qd2 Ne4 28. Qc1 Nxc5 29. Ng6 Qxe1+ 30. Qxe1 fxg6 31. Bf3 Ne4 32. Bxe4 Bxe4 33. Qxe4 Rd6 34. g3 Rfd8 0-1

[Event "Kstovo Kichigin Memorial op 5th"]
[Site "Kstovo"]
[Date "2015.01.22"]
[Round "7"]
[White "Shadrina, Tatiana"]
[Black "Gorozhanin, Mikhail"]
[Result "0-1"]
[WhiteElo "2362"]
[BlackElo "2352"]
[PlyCount "62"]
[EventDate "2015.01.16"]
[EventType "swiss"]
[EventRounds "9"]
[EventCountry "RUS"]
[SourceTitle "CBM 164 Extra"]
[Source "ChessBase"]
[SourceDate "2015.03.02"]
[SourceVersion "1"]
[SourceVersionDate "2015.03.02"]
[SourceQuality "1"]

1. e4 e6 2. d4 d5 3. e5 c5 4. c3 Nc6 5. Nf3 Qb6 6. a3 Nh6 7. b4 cxd4 8. Bxh6 gxh6 9. cxd4 Bg7 10. Nc3 0-0 11. Bd3 f6 12. exf6 Bxf6 13. Na4 Qc7 14. Qd2 Nxd4 15. Rc1 Nxf3+ 16. gxf3 Qe5+ 17. Qe3 Qxe3+ 18. fxe3 Rf7 19. Rg1+ Kf8 20. Ke2 b6 21. Nc3 Bd7 22. Ba6 Bxc3 23. Rxc3 Ke7 24. f4 Kd6 25. Kd3 e5 26. fxe5+ Kxe5 27. Rg2 Bh3 28. Rg1 Rf2 29. Bb7 Bf5+ 30. e4 Bxe4+ 31. Ke3 Raf8 0-1

[Event "Kstovo Kichigin Memorial op 5th"]
[Site "Kstovo"]
[Date "2015.01.17"]
[Round "2"]
[White "Gorozhanin, Mikhail"]
[Black "Hilova, Evelina"]
[Result "1-0"]
[WhiteElo "2352"]
[BlackElo "1761"]
[PlyCount "87"]
[EventDate "2015.01.16"]
[EventType "swiss"]
[EventRounds "9"]
[EventCountry "RUS"]
[SourceTitle "CBM 164 Extra"]
[Source "ChessBase"]
[SourceDate "2015.03.02"]
[SourceVersion "1"]
[SourceVersionDate "2015.03.02"]
[SourceQuality "1"]

1. d4 Nf6 2. Bf4 g6 3. e3 Bg7 4. Nf3 d5 5. c3 0-0 6. h3 Nbd7 7. b4 a6 8. a4 b6 9. a5 Ne4 10. Bd3 Ndf6 11. 0-0 Nd6 12. axb6 cxb6 13. Qe2 Bb7 14. Nbd2 b5 15. Nb3 Nfe4 16. Rfc1 Qb6 17. Ne5 Rfc8 18. Nd7 Qd8 19. Ndc5 Nxc5 20. Nxc5 Qb6 21. Qf3 Nc4 22. Bxc4 bxc4 23. Ra5 Rd8 24. Rca1 f6 25. Qg3 Re8 26. Qf3 e5 27. Bg3 e4 28. Qf4 f5 29. Qc7 Qxc7 30. Bxc7 Re7 31. Bd6 Rf7 32. b5 Bf8 33. Bxf8 Kxf8 34. bxa6 Bc6 35. Ne6+ Kg8 36. Rc5 Bd7 37. Nc7 Ra7 38. Nxd5 Be6 39. Nb4 Ra8 40. d5 Bc8 41. Rxc4 Rfa7 42. Rc6 Bd7 43. Rb6 Kf8 44. c4 1-0

[Event "Nizhnij Novgorod Dubinin Memorial 22nd"]
[Site "Nizhnij Novgorod"]
[Date "2015.??.??"]
[Round "4"]
[White "Gorozhanin, Mikhail"]
[Black "Semenov, Maxim"]
[Result "0-1"]
[WhiteElo "2370"]
[BlackElo "2038"]
[PlyCount "122"]
[EventDate "2015.01.03"]
[EventType "swiss"]
[EventRounds "9"]
[EventCountry "RUS"]
[SourceTitle "CBM 164 Extra"]
[Source "ChessBase"]
[SourceDate "2015.03.02"]
[SourceVersion "1"]
[SourceVersionDate "2015.03.02"]
[SourceQuality "1"]

1. d4 f5 2. g3 Nf6 3. Bg2 g6 4. Nh3 Bg7 5. Nf4 0-0 6. c4 d6 7. d5 a5 8. 0-0 Na6 9. Be3 Qe8 10. Nc3 Rb8 11. Ba7 Ra8 12. Bd4 g5 13. Nd3 c6 14. dxc6 bxc6 15. Bb6 e5 16. Bxa5 e4 17. Nb4 Nxb4 18. Bxb4 c5 19. Ba3 Ng4 20. Nb5 Rxa3 21. bxa3 Bxa1 22. Qxa1 Qe6 23. Qd1 Rd8 24. Qd2 e3 25. Qc3 exf2+ 26. Rxf2 Qe5 27. Bd5+ Kg7 28. Rf3 Nf6 29. Re3 Nxd5 30. cxd5 Qxc3 31. Nxc3 Kf7 32. Rf3 Kg6 33. Rf1 Ba6 34. Rb1 Kf6 35. Kf2 Ke5 36. Ke3 h5 37. a4 Bc4 38. Rb7 Bxd5 39. Re7+ Be6 40. a5 d5 41. Nb5 d4+ 42. Kd2 Kf6 43. Rc7 c4 44. a6 c3+ 45. Kc2 f4 46. a7 Bf5+ 47. Kc1 Be4 48. gxf4 gxf4 49. Rc4 Ke5 50. h4 f3 51. exf3 Bxf3 52. Rc5+ Kf4 53. a4 Ke3 54. Nxc3 dxc3 55. Rxc3+ Kf4 56. a5 Ra8 57. Rc7 Kg4 58. Kd2 Kxh4 59. Ke3 Kg3 60. Rg7+ Bg4 61. Kd4 h4 0-1

[Event "Nizhnij Novgorod Dubinin Memorial 22nd"]
[Site "Nizhnij Novgorod"]
[Date "2015.??.??"]
[Round "7"]
[White "Stepanushkin, Alexander"]
[Black "Gorozhanin, Mikhail"]
[Result "0-1"]
[WhiteElo "1945"]
[BlackElo "2370"]
[PlyCount "64"]
[EventDate "2015.01.03"]
[EventType "swiss"]
[EventRounds "9"]
[EventCountry "RUS"]
[SourceTitle "CBM 164 Extra"]
[Source "ChessBase"]
[SourceDate "2015.03.02"]
[SourceVersion "1"]
[SourceVersionDate "2015.03.02"]
[SourceQuality "1"]

1. d4 Nf6 2. Nf3 c5 3. e3 g6 4. c3 Qc7 5. Bd3 d5 6. Nbd2 Bg7 7. 0-0 0-0 8. dxc5 Nbd7 9. Nb3 e5 10. Be2 e4 11. Nfd4 a6 12. Bd2 Ne5 13. f4 exf3 14. Nxf3 Ne4 15. Bc1 Rd8 16. Nfd4 h5 17. Nd2 Nxc5 18. N2f3 Ng4 19. Bd3 Qe7 20. Qe2 Bh6 21. Re1 Ne4 22. c4 h4 23. cxd5 h3 24. g3 Ngf6 25. a4 Bg4 26. Ra3 Rxd5 27. Rf1 Rc8 28. Qe1 Nxg3 29. hxg3 Rxc1 30. Qxc1 Bxe3+ 31. Kh2 Bxc1 32. Rxc1 Qe3 0-1

[Event "Nizhnij Novgorod Dubinin Memorial 22nd"]
[Site "Nizhnij Novgorod"]
[Date "2015.??.??"]
[Round "1"]
[White "Zheleznov, Andrey"]
[Black "Gorozhanin, Mikhail"]
[Result "0-1"]
[WhiteElo "1700"]
[BlackElo "2370"]
[PlyCount "46"]
[EventDate "2015.01.03"]
[EventType "swiss"]
[EventRounds "9"]
[EventCountry "RUS"]
[SourceTitle "CBM 164 Extra"]
[Source "ChessBase"]
[SourceDate "2015.03.02"]
[SourceVersion "1"]
[SourceVersionDate "2015.03.02"]
[SourceQuality "1"]

1. e4 c5 2. Nf3 g6 3. d4 cxd4 4. Nxd4 Bg7 5. Nc3 Nc6 6. Be3 Nf6 7. Nxc6 bxc6 8. e5 Ng8 9. Bd4 f6 10. exf6 Nxf6 11. Be2 0-0 12. 0-0 Qc7 13. Bxf6 Bxf6 14. Nd5 cxd5 15. Qxd5+ e6 16. Qxa8 d5 17. Bf3 Ba6 18. Qxf8+ Kxf8 19. Rfe1 Bxb2 20. Rad1 Kf7 21. Bg4 Bc8 22. Re2 Qc4 23. Rde1 Qxg4 0-1

[Event "Chigorin Memorial 22nd"]
[Site "St Petersburg"]
[Date "2014.10.24"]
[Round "7"]
[White "Yemelin, Vasily"]
[Black "Gorozhanin, Mikhail"]
[Result "1-0"]
[WhiteElo "2568"]
[BlackElo "2317"]
[PlyCount "59"]
[EventDate "2014.10.18"]
[EventType "swiss"]
[EventRounds "9"]
[EventCountry "RUS"]
[SourceTitle "EXT 2015"]
[Source "ChessBase"]
[SourceDate "2014.11.20"]
[SourceVersion "1"]
[SourceVersionDate "2014.11.20"]
[SourceQuality "1"]

1. e4 e6 2. d4 d5 3. Nd2 Nf6 4. e5 Nfd7 5. c3 c5 6. Bd3 Nc6 7. Ne2 cxd4 8. cxd4 f6 9. exf6 Qxf6 10. Nf3 h6 11. 0-0 Bd6 12. Ng3 0-0 13. Bc2 Rd8 14. Re1 Nf8 15. Ne5 Bd7 16. Nh5 Qh4 17. Re3 Be8 18. Nxg7 Bxe5 19. dxe5 Kxg7 20. Rh3 Qxh3 21. gxh3 Bg6 22. h4 Bxc2 23. Qxc2 Ng6 24. Kh1 Nxh4 25. Qb3 Rd7 26. Qh3 Nf5 27. Bxh6+ Kh8 28. Bg5+ Kg8 29. Bf6 Ng7 30. Rg1 1-0